000 00674cam a2200217 4500
001 WB3619-16
008 000000n2000 000 0 eng u
035 _a(Sirsi) u105977
245 _aAre we really safe as houses?
260 _c2000
490 _aTimes Weekend
_v 13 May 2000, 14(2)
520 _aEnvironmental experts and pressure groups question whether, as in the case of Enfield Island Village, brownfield sites have been developed too quickly.
590 _aWB
650 _aBROWNFIELD SITES
650 _aENFIELD
650 _aDECONTAMINATION
650 _aPPG3
650 _aHOUSING DEVELOPMENT
690 _aENVIRONMENT-CONTAMINATION
942 _n0
999 _c63459
_d63459